Largest cities of the Baltic Sea drainage basin on a map - Statistics

General Stats
  • This quiz has been taken 58 times
  • The average score is 17 of 20
Answers on the Map
Answers color-coded by a green-red scale on the quiz's map according to % correct below.
 
Answer Stats
Population Country City % Correct
1 345 600 Denmark Copenhagen
100%
1 340 400 Finland Helsinki
100%
490 400 Russia Kaliningrad
100%
663 000 Latvia Riga
100%
5 600 900 Russia Saint Petersburg
100%
1 767 100 Sweden Stockholm
100%
1 860 300 Poland Warsaw
100%
486 000 Poland Gdańsk
98%
439 600 Estonia Tallinn
98%
546 200 Lithuania Vilnius
98%
800 700 Poland Kraków
96%
655 400 Sweden Gothenburg
94%
717 300 Ukraine Lviv
88%
670 600 Poland Łódź
85%
672 900 Poland Wrocław
81%
546 900 Poland Poznań
79%
353 700 Finland Tampere
79%
396 200 Poland Szczecin
63%
359 100 Belarus Vitebsk
38%
358 700 Belarus Grodno
33%
No matching quizzes found
Score Distribution
Percent of People with Each Score
Percentile by Number Answered
Your Score History
You have not taken this quiz